| 000 | 00541nam a2200193Ia 4500 | ||
|---|---|---|---|
| 005 | 20260114185633.0 | ||
| 008 | 008 260114s9999 xx 000 0 eng d | ||
| 020 | _a9781472895783 | ||
| 037 | _aEBOOK | ||
| 040 |
_aCRL _beng _cCRL |
||
| 041 |
_aeng _2eng |
||
| 084 | _qCRL | ||
| 100 |
_aStephen Turnbull _9872528 |
||
| 245 | 0 | _aWar in Japan 1467?1615 | |
| 260 |
_bBloomsbury _c2016 |
||
| 856 | _uhttps://doi.org/10.5040/9781472895783?locatt=label:secondary_bloomsburyCollections | ||
| 942 | _cEBOOK | ||
| 999 |
_c1471476 _d1471476 |
||